L'Organització comarcal de Catalunya : la consulta municipal / textos i taules: Isabel Rueda ... [et al.] la consulta municipal / textos i taules:
Descripción Física:
111 p. : amb map., 1 map. pleg. ; 24 cm
Otros Autores:
Rueda, Isabel
MARC
| LEADER | 00000nam a2200000Ia 4500 | ||
|---|---|---|---|
| 001 | 7685 | ||
| 008 | 160829s9999 xx 000 0 cat d | ||
| 080 | |a M-3-74 | ||
| 245 | |a L'Organització comarcal de Catalunya : |b la consulta municipal / textos i taules: |b Isabel Rueda ... [et al.] | ||
| 260 | |a Barcelona : |b Generalitat de Catalunya, Direcció General d'Administració Local, DL 1987 | ||
| 300 | |a 111 p. : |b amb map., 1 map. pleg. ; |c 24 cm | ||
| 650 | |a Comarques |x Catalunya |9 29217 | ||
| 651 | 0 | |a Catalunya |x Divisions administratives i polítiques |9 54246 | |
| 700 | |a Rueda, Isabel |9 29218 | ||
| 710 | 1 | |a Catalunya. |b Direcció General d'Administració Local |9 53065 | |
| 901 | |a Arxiu | ||
| 942 | |n 1 | ||
| 952 | |0 0 |1 0 |4 0 |6 M374 |7 1 |9 45106 |a Arxiu |b Arxiu |d 2016-12-01 |l 0 |o M-3-74 |p 7685 |r 2016-12-01 00:00:00 |w 2016-12-01 |y ARXIU | ||
| 999 | |c 47726 |d 47726 | ||